OSIFIKÁCIA KOSTRY PLETENCA HRUDNÍKOVEJ KONČATINY KURY DOMÁCEJ

Bibliographic Details
Main Authors: Gálová, Jana, 1976- (Author), Uhrín, V. (Author)
Format: Article
Language:Slovak
ISBN:807137623X

MARC

LEADER 00000naa a2200000uu 4500
001 vtls010958442
003 SK-MaSNL
005 20260302131912.0
008 210910|1999 xo |||||||||||||||||slo|
015 |a SNBRA 
035 |a (urnnbn)urn:nbn:sk:snk:ar-a0bpqz 
035 |a (uuid)86856541-7e41-4a0c-ae5a-36a970a9b0cc 
035 |a urn:nbn:sk:snk-aauhgu 
040 |a SNKBUCL  |b slo  |c SNKBUCL  |e AACR2 
041 0 |a slo 
044 |a xo  |c SK 
100 1 |a Gálová, Jana,  |d 1976-  |4 aut  |9 191763 
245 1 0 |a OSIFIKÁCIA KOSTRY PLETENCA HRUDNÍKOVEJ KONČATINY KURY DOMÁCEJ  |c J. Gálová, V. Uhrín 
246 3 |a THE OSSIFICATION OF BONES OF CINGULUM EXTERMITATIS THORACIC A OF DOMESTIC CHICKEN 
700 1 |a Uhrín, V.  |4 aut  |9 787872 
773 0 |t Možnosti a perspektívy zvyšovania produkcie v chove hydiny a malých hospodárskych zvierat  |d V Nitre : Slovenská poľnohospodárska univerzita, 1999  |g S. 117-119  |z 807137623X 
958 |a OND 
958 |a article11 
958 |a chapter 
999 |c 1310921  |d 1312851